[Event "46th NED-ch"]
[Site "Hilversum NED"]
[Date "1990.06.20"]
[Round "8"]
[White "Brenninkmeijer, Joris"]
[Black "Blees, Albert"]
[Result "1-0"]
[WhiteElo "2475"]
[BlackElo "2400"]
[EventDate "1990.06.11"]
[PlyCount "89"]

1.d4 Nf6 2.Nf3 e6 3.c4 c5 4.d5 exd5 5.cxd5 d6 6.Nc3 g6 7.g3 Bg7 8.Bg2 O-O 
9.O-O Na6 10.Nd2 Nc7 11.a4 b6 12.Rb1 Re8 13.Re1 Ng4 14.h3 Ne5 15.f4 Nd7 
16.Nc4 Nf6 17.Bd2 Ba6 18.b3 Nh5 19.Ne4 Bxc4 20.bxc4 f5 21.Ng5 Nxg3 22.Rb3 
Ne4 23.Nxe4 fxe4 24.e3 Re7 25.Qc2 Qe8 26.a5 Qa4 27.Rc1 b5 28.cxb5 Nxb5 29.
Bf1 a6 30.Qb1 Rc8 31.Rc4 Qa1 32.Qxa1 Bxa1 33.Ra4 Bf6 34.Bxb5 axb5 35.Rxb5 
g5 36.fxg5 Bxg5 37.a6 Rcc7 38.Rb8+ Kg7 39.Kf2 c4 40.Ba5 Rf7+ 41.Ke2 Rc5 
42.Bc3+ Kh6 43.a7 Bh4 44.a8=Q Rf2+ 45.Kd1 1-0

[Event "46th NED-ch"]
[Site "Hilversum NED"]
[Date "1990.06.20"]
[Round "8"]
[White "Douven, Rudy"]
[Black "Nijboer, Friso"]
[Result "0-1"]
[WhiteElo "2440"]
[BlackElo "2485"]
[EventDate "1990.06.11"]
[PlyCount "86"]

1.d4 Nf6 2.c4 g6 3.Nc3 Bg7 4.e4 d6 5.Be2 O-O 6.Nf3 e5 7.O-O Nc6 8.d5 Ne7 
9.Nd2 a5 10.a3 Bd7 11.b3 Ne8 12.Bb2 f5 13.b4 Nf6 14.c5 Nc8 15.Qc2 Nh5 16.
Nc4 axb4 17.axb4 Rxa1 18.Rxa1 Nf4 19.Bf1 fxe4 20.Nxe4 Qh4 21.Ne3 Bh6 22.
Ra8 Nh3+ 23.gxh3 Bxe3 24.Ra3 Bh6 25.cxd6 Bf5 26.Bd3 cxd6 27.Ra8 Bxh3 28.
Ng3 Qf4 29.Be4 Ne7 30.Rxf8+ Bxf8 31.Bc1 Qg4 32.b5 h5 33.f3 Qc8 34.Qxc8 
Bxc8 35.Bg5 Kg7 36.f4 Bd7 37.fxe5 dxe5 38.b6 Nc8 39.Bd8 Bc5+ 40.Kg2 Bxb6 
41.Bxb6 Nxb6 42.d6 Bc6 43.Kf3 Kf6 0-1

[Event "46th NED-ch"]
[Site "Hilversum NED"]
[Date "1990.06.20"]
[Round "8"]
[White "Kuijf, Marinus"]
[Black "Van der Sterren, Paul"]
[Result "0-1"]
[WhiteElo "2490"]
[BlackElo "2515"]
[EventDate "1990.06.11"]
[PlyCount "80"]

1.e4 c5 2.Nf3 d6 3.d4 cxd4 4.Nxd4 Nf6 5.Nc3 Nc6 6.f4 e5 7.Nf3 Be7 8.fxe5 
Nxe5 9.Bb5+ Bd7 10.Bxd7+ Qxd7 11.O-O O-O 12.Bg5 Qg4 13.Nxe5 Qxg5 14.Nf3 
Qe3+ 15.Kh1 Rfe8 16.Nd5 Qc5 17.Qd3 Nxd5 18.exd5 Bf6 19.c3 Re3 20.Qf5 h6 
21.Rfe1 Rxe1+ 22.Rxe1 Qb5 23.Nd2 Qxb2 24.Ne4 Be5 25.c4 g6 26.Qd7 Rf8 27.
Qh3 Qb4 28.Rc1 Bf4 29.Qc3 Qxc3 30.Rxc3 Rc8 31.a4 a6 32.Kg1 f5 33.Nf6+ Kf7 
34.Nd7 b5 35.g3 Bg5 36.axb5 axb5 37.c5 dxc5 38.Ne5+ Kf6 39.Nc6 b4 40.Nxb4 
Bd2 0-1

[Event "46th NED-ch"]
[Site "Hilversum NED"]
[Date "1990.06.20"]
[Round "8"]
[White "Piket, Jeroen"]
[Black "De Boer, Gert Jan"]
[Result "1/2-1/2"]
[WhiteElo "2495"]
[BlackElo "2375"]
[EventDate "1990.06.11"]
[PlyCount "49"]

1.d4 Nf6 2.Nf3 g6 3.c4 Bg7 4.Nc3 d5 5.Qb3 dxc4 6.Qxc4 O-O 7.e4 Bg4 8.Be3 
Nfd7 9.Qb3 Nb6 10.Rd1 e6 11.Be2 Nc6 12.Ng1 Bxe2 13.Ngxe2 Qe7 14.h4 Qb4 15.
Qc2 Rad8 16.e5 Nd5 17.h5 Nxe3 18.fxe3 Qe7 19.Nf4 Nb4 20.Qb3 c5 21.hxg6 
hxg6 22.Ne4 Nd5 23.Qa3 b6 24.O-O Rd7 25.dxc5 1/2-1/2

[Event "46th NED-ch"]
[Site "Hilversum NED"]
[Date "1990.06.20"]
[Round "8"]
[White "Ree, Hans"]
[Black "Bosboom, Manuel"]
[Result "1-0"]
[WhiteElo "2455"]
[BlackElo "2425"]
[EventDate "1990.06.11"]
[PlyCount "56"]

1.d4 Nf6 2.c4 d6 3.Nc3 Nbd7 4.Nf3 g6 5.e4 e5 6.Be2 Bg7 7.d5 a5 8.Be3 O-O 
9.Nd2 Nc5 10.h4 Qd7 11.h5 c6 12.hxg6 hxg6 13.Rh4 Qd8 14.g3 Nh7 15.Nb3 Nxb3
16.Qxb3 Bf6 17.Rh2 a4 18.Nxa4 cxd5 19.cxd5 Ng5 20.Nc3 Bg7 21.f4 exf4 22.
gxf4 Nxe4 23.Nxe4 Re8 24.Ng3 Qe7 25.Kf2 Bd7 26.Re1 Ba4 27.Qb6 Rac8 28.Bd3 
Bc2 1-0

[Event "46th NED-ch"]
[Site "Hilversum NED"]
[Date "1990.06.20"]
[Round "8"]
[White "Van der Wiel, John"]
[Black "Pliester, Leon"]
[Result "1-0"]
[WhiteElo "2550"]
[BlackElo "2390"]
[EventDate "1990.06.11"]
[PlyCount "51"]

1.e4 Nf6 2.e5 Nd5 3.d4 d6 4.Nf3 dxe5 5.Nxe5 Nd7 6.Bc4 Nxe5 7.dxe5 c6 8.Qf3
Be6 9.O-O Qc7 10.Re1 g6 11.Nc3 Rd8 12.Nxd5 Bxd5 13.e6 fxe6 14.Qc3 Kf7 15.
Bxd5 exd5 16.Bf4 Qd7 17.Qxh8 Bg7 18.Qxh7 Rh8 19.Qxg7+ Kxg7 20.Be5+ Kg8 21.
Bxh8 Kxh8 22.Re5 Kg7 23.Rae1 Kf6 24.Rxe7 Qf5 25.h4 Qxc2 26.g4 1-0

[Event "46th NED-ch"]
[Site "Hilversum NED"]
[Date "1990.06.21"]
[Round "9"]
[White "Blees, Albert"]
[Black "Douven, Rudy"]
[Result "0-1"]
[WhiteElo "2400"]
[BlackElo "2440"]
[EventDate "1990.06.11"]
[PlyCount "72"]

1.d4 Nf6 2.c4 e6 3.Nf3 b6 4.g3 Ba6 5.Nbd2 d5 6.Bg2 Bd6 7.O-O O-O 8.Ne5 c5 
9.cxd5 exd5 10.Ndf3 Bb7 11.Bf4 Na6 12.Rc1 Nc7 13.dxc5 bxc5 14.Bg5 Nce8 15.
Nd3 Qb6 16.b3 Ne4 17.Be3 d4 18.Bd2 N8f6 19.Nb2 Be7 20.Nc4 Qa6 21.Qc2 Nxd2 
22.Nfxd2 Bxg2 23.Kxg2 Rad8 24.e4 dxe3 25.Nxe3 Nd5 26.Nxd5 Rxd5 27.Nc4 Rfd8
28.Rcd1 Rd4 29.Rfe1 Bf6 30.Re2 g6 31.Rde1 Kg7 32.Ne3 Qc6+ 33.Kg1 h5 34.Nc4
h4 35.Ne3 h3 36.f4 Re4 0-1

[Event "46th NED-ch"]
[Site "Hilversum NED"]
[Date "1990.06.21"]
[Round "9"]
[White "Bosboom, Manuel"]
[Black "Van der Wiel, John"]
[Result "1-0"]
[WhiteElo "2425"]
[BlackElo "2550"]
[EventDate "1990.06.11"]
[PlyCount "121"]

1.c4 c5 2.g3 g6 3.Bg2 Bg7 4.Nf3 Nc6 5.O-O d6 6.Nc3 e5 7.a3 Nge7 8.Rb1 f5 
9.d3 O-O 10.Bg5 h6 11.Bxe7 Nxe7 12.Nd2 Rb8 13.Nd5 Bd7 14.b4 b6 15.a4 cxb4 
16.Rxb4 a5 17.Rb1 Nxd5 18.Bxd5+ Kh7 19.e3 g5 20.Rb2 e4 21.d4 g4 22.Qb3 h5 
23.Qa3 Rf6 24.Rfb1 Rh6 25.Rb3 h4 26.Qb2 hxg3 27.hxg3 Qe8 28.Rxb6 Qh5 29.
Kf1 Rxb6 30.Qxb6 Bxa4 31.Qd8 Rf6 32.Kg1 Qe8 33.Qxa5 Bc2 34.Rb7 Qh8 35.Qc7 
Kg6 36.Qe7 Bf8 37.Qe8+ Kg5 38.Qd8 Kg6 39.Bc6 Bd3 40.Be8+ Kh6 41.Rf7 Kg5 
42.Rc7 Qg8 43.Bf7 Qh8 44.Rd7 Bg7 45.Be8 Bf8 46.Ra7 Qg8 47.Bf7 Qg7 48.Rb7 
Qh6 49.Bd5 Qg6 50.Rf7 Bg7 51.c5 dxc5 52.dxc5 Bb5 53.Nb3 Bc6 54.Rxf6 Bxf6 
55.Qd6 Bxd5 56.Qxd5 Qe8 57.c6 Qe5 58.Qg8+ Kh6 59.Nd4 Qc5 60.Qe6 Kg5 61.c7 
1-0

[Event "46th NED-ch"]
[Site "Hilversum NED"]
[Date "1990.06.21"]
[Round "9"]
[White "De Boer, Gert Jan"]
[Black "Brenninkmeijer, Joris"]
[Result "1/2-1/2"]
[WhiteElo "2375"]
[BlackElo "2475"]
[EventDate "1990.06.11"]
[PlyCount "33"]

1.d4 Nf6 2.c4 c6 3.Nc3 d5 4.Nf3 dxc4 5.a4 Bf5 6.Ne5 e6 7.f3 Bb4 8.e4 Bxe4 
9.fxe4 Nxe4 10.Qf3 Qxd4 11.Qxf7+ Kd8 12.Bg5+ Nxg5 13.Qxg7 Bxc3+ 14.bxc3 
Qxc3+ 15.Ke2 Qc2+ 16.Ke1 Qc3+ 17.Ke2 1/2-1/2

[Event "46th NED-ch"]
[Site "Hilversum NED"]
[Date "1990.06.21"]
[Round "9"]
[White "Nijboer, Friso"]
[Black "Ree, Hans"]
[Result "1-0"]
[WhiteElo "2485"]
[BlackElo "2455"]
[EventDate "1990.06.11"]
[PlyCount "121"]

1.e4 e5 2.Nf3 Nc6 3.Bb5 Bc5 4.O-O Nf6 5.c3 O-O 6.d4 Bb6 7.Bg5 h6 8.Bh4 d6 
9.a4 a5 10.Re1 Bg4 11.Bxc6 bxc6 12.dxe5 dxe5 13.Qxd8 Raxd8 14.Nxe5 g5 15.
Bg3 h5 16.Nxc6 Rde8 17.Nd2 Bd7 18.e5 Ng4 19.Nd4 h4 20.h3 hxg3 21.hxg4 f6 
22.exf6 Bxa4 23.fxg3 Rxf6 24.Nf3 Rxe1+ 25.Rxe1 Bd7 26.Re5 Rg6 27.Rd5 Be6 
28.Rxg5 Rxg5 29.Nxg5 Bxg4 30.Kf2 c5 31.Ndf3 c4+ 32.Ke2 a4 33.Ne4 Bf5 34.
Nfd2 Bc7 35.Ke3 Bb6+ 36.Kf4 Be6 37.Ke5 Bf7 38.Nf6+ Kg7 39.Nd5 Bf2 40.Ne4 
Ba7 41.Nd2 Bb8+ 42.Ke4 Bxg3 43.Nxc4 Bg6+ 44.Kd4 Bf2+ 45.Nce3 Bc2 46.Nb4 
Bg6 47.Nd3 Bg1 48.Nf4 Bb1 49.c4 Kf7 50.Ne2 Bf2 51.Nc3 Bc2 52.Ne4 Bg1 53.
Ng5+ Kf6 54.Nh3 Bxe3+ 55.Kxe3 Kf5 56.Nf2 Bb3 57.Kd4 Kf4 58.Nd3+ Kg3 59.c5 
Kxg2 60.c6 Kf1 61.Nc5 1-0

[Event "46th NED-ch"]
[Site "Hilversum NED"]
[Date "1990.06.21"]
[Round "9"]
[White "Van der Sterren, Paul"]
[Black "Piket, Jeroen"]
[Result "1/2-1/2"]
[WhiteElo "2515"]
[BlackElo "2495"]
[EventDate "1990.06.11"]
[PlyCount "113"]

1.Nf3 d5 2.d4 e6 3.c4 c5 4.cxd5 exd5 5.g3 Nc6 6.Bg2 Nf6 7.O-O Be7 8.Be3 c4
9.b3 cxb3 10.Qxb3 Qb6 11.Qxb6 axb6 12.Nc3 O-O 13.Ne5 Be6 14.a4 Rfc8 15.
Rfc1 Na5 16.Nb5 Rxc1+ 17.Rxc1 Nb3 18.Rc7 Rxa4 19.h3 Rb4 20.Rxe7 Rxb5 21.g4
h6 22.f4 Kf8 23.Rxb7 Ke8 24.f5 Bd7 25.h4 Na5 26.Rb8+ Ke7 27.g5 hxg5 28.
hxg5 Ne8 29.g6 f6 30.Nxd7 Kxd7 31.Bf4 Nc6 32.Ra8 Ra5 33.Rxa5 bxa5 34.Bxd5 
Nxd4 35.Bd2 a4 36.Kf2 Nxf5 37.Bb4 Ned6 38.e3 Ne7 39.Ba2 Nc6 40.Ba3 Ne5 41.
Bb1 Nec4 42.Bb4 Kc6 43.Bc3 Ne5 44.Bb4 f5 45.Bc2 Ne4+ 46.Ke2 Kb5 47.Bf8 
Nxg6 48.Bxg7 Kb4 49.Kd1 a3 50.Kc1 Kc4 51.Kb1 Nh4 52.Ka2 Ng2 53.Kxa3 Nxe3 
54.Bxe4 fxe4 55.Bh6 Nd1 56.Bg5 e3 57.Bxe3 1/2-1/2

[Event "46th NED-ch"]
[Site "Hilversum NED"]
[Date "1990.06.22"]
[Round "10"]
[White "Bosboom, Manuel"]
[Black "Nijboer, Friso"]
[Result "1-0"]
[WhiteElo "2425"]
[BlackElo "2485"]
[EventDate "1990.06.11"]
[PlyCount "95"]

1.d4 Nf6 2.Nf3 g6 3.Bf4 Bg7 4.h3 O-O 5.e3 d6 6.Be2 c5 7.Nbd2 cxd4 8.exd4 
Nc6 9.Bh2 e5 10.dxe5 dxe5 11.Nc4 e4 12.Nfe5 Nd4 13.O-O b6 14.Re1 Nxe2+ 15.
Rxe2 Ba6 16.Rd2 Qc8 17.Ne3 Rd8 18.c4 Rxd2 19.Qxd2 Qe6 20.Rd1 Ne8 21.Qd5 
Qxd5 22.Rxd5 f6 23.Nc6 Bf8 24.Rd7 b5 25.b3 bxc4 26.bxc4 Bc5 27.Nb8 Bxe3 
28.Nxa6 Bb6 29.c5 Rd8 30.Rxd8 Bxd8 31.c6 Kf7 32.c7 Nxc7 33.Bxc7 Bxc7 34.
Nxc7 Ke7 35.Kf1 Kd7 36.Nb5 a6 37.Nc3 f5 38.Ke2 Kd6 39.f3 exf3+ 40.gxf3 Kc5
41.Kd3 g5 42.Ne2 Kd5 43.Ng3 Ke5 44.Nh5 f4 45.a4 Kf5 46.Ng7+ Kg6 47.Ne6 Kh5
48.Ke2 1-0

[Event "46th NED-ch"]
[Site "Hilversum NED"]
[Date "1990.06.22"]
[Round "10"]
[White "Brenninkmeijer, Joris"]
[Black "Van der Sterren, Paul"]
[Result "1-0"]
[WhiteElo "2475"]
[BlackElo "2515"]
[EventDate "1990.06.11"]
[PlyCount "87"]

1.d4 Nf6 2.c4 c5 3.d5 b5 4.cxb5 a6 5.e3 axb5 6.Bxb5 Qa5+ 7.Nc3 Bb7 8.Ne2 
Bxd5 9.O-O Bc6 10.a4 g6 11.e4 d6 12.f4 Bxb5 13.Nxb5 Bg7 14.e5 dxe5 15.fxe5
Ng4 16.Bg5 Ra6 17.Nec3 Nxe5 18.Nd5 O-O 19.Bxe7 Nbd7 20.Bxf8 Bxf8 21.Qe2 c4
22.Kh1 Qd8 23.Rad1 Bg7 24.Ndc3 Qb8 25.Rd5 h5 26.h3 Nf8 27.Qe3 Ne6 28.Qg3 
f5 29.Rxe5 Qxe5 30.Qxg6 f4 31.Rd1 Qg5 32.Qe4 Qc5 33.Nd5 Bxb2 34.Qg6+ Kf8 
35.Nxf4 Nxf4 36.Rd8+ Ke7 37.Re8+ Kd7 38.Qf7+ Kc6 39.Rc8+ Kb6 40.Rxc5 Kxc5 
41.Qxf4 Rxa4 42.Qf5+ Kb4 43.Nd6 Ra1+ 44.Kh2 1-0

[Event "46th NED-ch"]
[Site "Hilversum NED"]
[Date "1990.06.22"]
[Round "10"]
[White "Piket, Jeroen"]
[Black "Pliester, Leon"]
[Result "1-0"]
[WhiteElo "2495"]
[BlackElo "2390"]
[EventDate "1990.06.11"]
[PlyCount "77"]

1.d4 e6 2.c4 Nf6 3.Nf3 d5 4.Nc3 Be7 5.Bg5 O-O 6.e3 h6 7.Bh4 Ne4 8.Bxe7 
Qxe7 9.Rc1 c6 10.Bd3 Nxc3 11.Rxc3 Nd7 12.O-O dxc4 13.Bxc4 e5 14.Bb3 exd4 
15.exd4 Nf6 16.Re1 Qd6 17.Ne5 Bf5 18.Nxf7 Rxf7 19.Bxf7+ Kxf7 20.Qb3+ Kf8 
21.Qxb7 Rb8 22.Qxa7 Rxb2 23.Rxc6 Rxa2 24.Qb7 Rb2 25.Qxg7+ Kxg7 26.Rxd6 Ne4
27.Ra6 Nc3 28.h3 Ne2+ 29.Kh2 h5 30.d5 Rd2 31.d6 Kf6 32.d7+ Ke7 33.Ra5 Be6 
34.Re5 Nd4 35.d8=Q+ Kxd8 36.Rxe6 Nxe6 37.Rxe6 Rxf2 38.Kg3 Rf5 39.Kh4 1-0

[Event "46th NED-ch"]
[Site "Hilversum NED"]
[Date "1990.06.22"]
[Round "10"]
[White "Ree, Hans"]
[Black "Blees, Albert"]
[Result "1/2-1/2"]
[WhiteElo "2455"]
[BlackElo "2400"]
[EventDate "1990.06.11"]
[PlyCount "106"]

1.c4 Nf6 2.Nc3 c5 3.g3 e6 4.Nf3 b6 5.Bg2 Bb7 6.O-O d6 7.Re1 Be7 8.e4 O-O 
9.d4 cxd4 10.Nxd4 Qc8 11.b3 a6 12.Bb2 Nbd7 13.f4 Rd8 14.f5 e5 15.Nc2 b5 
16.Ne3 bxc4 17.Nxc4 Nb6 18.Nxb6 Qc5+ 19.Kh1 Qxb6 20.Qe2 Rac8 21.Rac1 h6 
22.h3 Qb4 23.Kh2 Rc7 24.Nd5 Nxd5 25.exd5 Rdc8 26.Rxc7 Rxc7 27.Rc1 Rxc1 28.
Bxc1 Bd8 29.Be3 Bc8 30.Qc2 Bd7 31.Be4 Qe1 32.Bf2 Qb4 33.h4 h5 34.Bf3 Qb5 
35.Kg2 Qa5 36.Be3 Qe1 37.Bf2 Qa5 38.a4 Qb4 39.Be3 Qe1 40.Bf2 Qa5 41.Qd3 
Qb4 42.Bxh5 e4 43.Qxa6 e3 44.Qa8 Qe4+ 45.Bf3 Qc2 46.Qxd8+ Kh7 47.Qxd7 
Qxf2+ 48.Kh3 Qxf3 49.Qxf7 Qh1+ 50.Kg4 Qe4+ 51.Kh3 e2 52.f6 Qf5+ 53.Kh2 
Qf2+ 1/2-1/2

[Event "46th NED-ch"]
[Site "Hilversum NED"]
[Date "1990.06.22"]
[Round "10"]
[White "Van der Wiel, John"]
[Black "Kuijf, Marinus"]
[Result "1/2-1/2"]
[WhiteElo "2550"]
[BlackElo "2490"]
[EventDate "1990.06.11"]
[PlyCount "47"]

1.e4 e6 2.d4 d5 3.Nc3 Nf6 4.Bg5 dxe4 5.Nxe4 Be7 6.Bxf6 gxf6 7.Nf3 f5 8.Ng3
c5 9.Bb5+ Bd7 10.Bxd7+ Qxd7 11.d5 exd5 12.Ne5 Qe6 13.f4 Nc6 14.O-O Nxe5 
15.fxe5 O-O-O 16.Qh5 Qxe5 17.Rae1 Qd4+ 18.Kh1 Qh4 19.Rxf5 Qxh5 20.Nxh5 Rd7
21.Rxf7 Bh4 22.Rxd7 Kxd7 23.g3 Be7 24.Nf4 1/2-1/2

[Event "46th NED-ch"]
[Site "Hilversum NED"]
[Date "1990.06.24"]
[Round "11"]
[White "Blees, Albert"]
[Black "Bosboom, Manuel"]
[Result "0-1"]
[WhiteElo "2400"]
[BlackElo "2425"]
[EventDate "1990.06.11"]
[PlyCount "116"]

1.d4 Nf6 2.Nf3 g6 3.c4 Bg7 4.Nc3 O-O 5.e4 d6 6.Be2 e5 7.O-O Na6 8.Re1 exd4
9.Nxd4 Re8 10.f3 Nh5 11.g4 Be5 12.Bf1 Qh4 13.Re2 Nf4 14.Rf2 Nc5 15.Bxf4 
Bxf4 16.Nd5 Bh6 17.Rg2 Qd8 18.Nf5 Bxf5 19.gxf5 c6 20.Nc3 Qf6 21.Kh1 Kh8 
22.fxg6 hxg6 23.Rg4 Kg7 24.Be2 Bf4 25.Bf1 Rh8 26.h3 Be5 27.Rc1 Rh5 28.Rc2 
Rah8 29.Rf2 Ne6 30.Ne2 Ng5 31.Ng1 Bd4 32.Rd2 Bxg1 33.Rxd6 Qe5 34.Kxg1 
Nxh3+ 35.Bxh3 Rxh3 36.Qd4 Rh1+ 37.Kf2 R8h2+ 38.Rg2 Rxg2+ 39.Kxg2 Rh2+ 40.
Kg1 Qxd4+ 41.Rxd4 Rxb2 42.e5 g5 43.Rg4 Kg6 44.a4 a5 45.Rd4 Kf5 46.Rd7 Kxe5
47.Rxf7 Kd4 48.Rf5 c5 49.Rxg5 b5 50.Rg4+ Kd3 51.axb5 a4 52.f4 Kxc4 53.f5+ 
Kxb5 54.f6 a3 55.f7 a2 56.f8=Q a1=Q+ 57.Qf1+ Qxf1+ 58.Kxf1 Rd2 0-1

[Event "46th NED-ch"]
[Site "Hilversum NED"]
[Date "1990.06.24"]
[Round "11"]
[White "Kuijf, Marinus"]
[Black "Piket, Jeroen"]
[Result "1/2-1/2"]
[WhiteElo "2490"]
[BlackElo "2495"]
[EventDate "1990.06.11"]
[PlyCount "100"]

1.e4 c5 2.Nf3 d6 3.c3 Nf6 4.Bd3 g6 5.O-O Bg7 6.Bb5+ Nbd7 7.Re1 O-O 8.d4 a6
9.Bf1 b6 10.d5 Qc7 11.h3 Re8 12.Bf4 Bb7 13.Bh2 h6 14.Nbd2 e5 15.dxe6 Rxe6 
16.Bc4 Re7 17.a4 Nxe4 18.Nxe4 Rxe4 19.Qd3 Qc6 20.Rxe4 Qxe4 21.Qxe4 Bxe4 
22.Bxd6 Bc6 23.Kf1 Bf6 24.Bb3 Kg7 25.Nd2 Ne5 26.Nc4 Nxc4 27.Bxc4 Rd8 28.
Bc7 Rd2 29.Bxb6 Rxb2 30.Bxc5 Bxc3 31.Rc1 Be5 32.a5 Bb5 33.Bxb5 Rxb5 34.Bb6
Bd6 35.Rc8 Bb4 36.Bd4+ f6 37.Rc7+ Kg8 38.Bxf6 Bxa5 39.Rg7+ Kf8 40.Rxg6 Kf7
41.Rxh6 Bd2 42.f4 Bxf4 43.Rh4 Rf5 44.g4 Rxf6 45.Rh5 Bc7+ 46.Ke2 Rc6 47.
Rf5+ Kg6 48.Kd3 a5 49.Rf8 Ra6 50.Rg8+ Kf7 1/2-1/2

[Event "46th NED-ch"]
[Site "Hilversum NED"]
[Date "1990.06.24"]
[Round "11"]
[White "Nijboer, Friso"]
[Black "Van der Wiel, John"]
[Result "1-0"]
[WhiteElo "2485"]
[BlackElo "2550"]
[EventDate "1990.06.11"]
[PlyCount "71"]

1.e4 c5 2.Nf3 d6 3.d4 cxd4 4.Nxd4 Nf6 5.Nc3 Nc6 6.Bc4 e6 7.Be3 Be7 8.Qe2 
a6 9.Bb3 Na5 10.g4 Nxb3 11.axb3 d5 12.O-O-O O-O 13.Kb1 Re8 14.e5 Nd7 15.f4
Bf8 16.h4 b5 17.h5 Nc5 18.Qh2 Qd7 19.f5 b4 20.Nce2 a5 21.f6 a4 22.g5 axb3 
23.cxb3 Qa7 24.g6 Nxb3 25.gxf7+ Kxf7 26.Qf4 Qa2+ 27.Kc2 Nxd4+ 28.Bxd4 Qc4+
29.Kd2 Ba6 30.fxg7+ Kg8 31.gxf8=Q+ Rxf8 32.Qe3 Rac8 33.Rc1 Qb5 34.Rhg1+ 
Kh8 35.Rxc8 Rxc8 36.Qf3 1-0

[Event "46th NED-ch"]
[Site "Hilversum NED"]
[Date "1990.06.24"]
[Round "11"]
[White "Pliester, Leon"]
[Black "Brenninkmeijer, Joris"]
[Result "0-1"]
[WhiteElo "2390"]
[BlackElo "2475"]
[EventDate "1990.06.11"]
[PlyCount "70"]

1.e4 c5 2.Nf3 d6 3.d4 cxd4 4.Nxd4 Nf6 5.Nc3 e6 6.f4 a6 7.Be2 Be7 8.O-O O-O
9.Kh1 Qc7 10.a4 Nc6 11.Be3 Re8 12.Bf3 Bd7 13.Bg1 Rab8 14.Nb3 b6 15.Qe2 Bc8
16.e5 Nd7 17.exd6 Bxd6 18.Rad1 Be7 19.f5 Nde5 20.fxe6 Bxe6 21.Nd5 Bxd5 22.
Bxd5 Bf6 23.Qxa6 Nb4 24.Qb5 Nxd5 25.Rxd5 Qxc2 26.Nd4 Qc7 27.Nf5 Re6 28.h3 
Rd8 29.Rxd8+ Qxd8 30.Rc1 g6 31.Nd4 Rd6 32.Qa6 Kg7 33.Nb5 Rd2 34.Qb7 Rxb2 
35.Bd4 Rxb5 0-1

[Event "46th NED-ch"]
[Site "Hilversum NED"]
[Date "1990.06.24"]
[Round "11"]
[White "Van der Sterren, Paul"]
[Black "Douven, Rudy"]
[Result "1/2-1/2"]
[WhiteElo "2515"]
[BlackElo "2440"]
[EventDate "1990.06.11"]
[PlyCount "113"]

1.d4 Nf6 2.c4 e6 3.Nf3 b6 4.g3 Ba6 5.b3 d5 6.cxd5 exd5 7.Bg2 Bb4+ 8.Bd2 
Bd6 9.O-O O-O 10.Nc3 Re8 11.Re1 Bb7 12.Rc1 Na6 13.Bg5 h6 14.Bxf6 Qxf6 15.
Nh4 Bb4 16.Bxd5 Bxc3 17.Bxb7 Bxe1 18.Qxe1 Rab8 19.Bxa6 b5 20.Bxb5 Rxb5 21.
Nf3 a5 22.Qd1 a4 23.bxa4 Rb2 24.Ne5 Qa6 25.e3 Qe2 26.Qxe2 Rxe2 27.Rxc7 
Rxa2 28.Ra7 Re6 29.Ra8+ Kh7 30.Nxf7 Rf6 31.Rh8+ Kg6 32.Ne5+ Kh5 33.Nd3 g5 
34.h3 Rd2 35.Ne5 Rfxf2 36.Rxh6+ Kxh6 37.Ng4+ Kg6 38.Nxf2 Re2 39.e4 Ra2 40.
Kg2 Rxa4 41.d5 Ra3 42.Ng4 Rb3 43.Kf2 Rb2+ 44.Kf3 Rb3+ 45.Kg2 Rb2+ 46.Nf2 
Rb3 47.h4 gxh4 48.gxh4 Kh5 49.e5 Kxh4 50.Ne4 Kg4 51.e6 Rb2+ 52.Kf1 Kf5 53.
e7 Rb8 54.Ke2 Ke5 55.d6 Ke6 56.Kd3 Re8 57.Kd4 1/2-1/2